Noms d'Animaux en Anglais (Click) - Statistiques

Statistiques générales
  • Ce quiz a été pris 973 fois
  • Le résultat moyen est 27 sur 30
Statistiques - réponses
Hint Réponse % Correct
Cat Chat
95%
Horse Cheval
95%
Dolphin Dauphin
95%
Spider Araignée
94%
Dog Chien
94%
Wolf Loup
94%
Mouse Souris
94%
Turtle Tortue
94%
Bee Abeille
93%
Duck Canard
93%
Pig Cochon
93%
Frog Grenouille
93%
Bird Oiseau
93%
Fox Renard
93%
Shark Requin
93%
Rabbit Lapin
92%
Bear Ours
92%
Chicken Poule
92%
Monkey Singe
92%
Butterfly Papillon
91%
Cow Vache
91%
Bat Chauve-Souris
90%
Sheep Mouton
88%
Bull Taureau
87%
Squirrel Ecureuil
86%
Turkey Dinde
83%
Dragonfly Libellule
81%
Ant Fourmi
78%
Fly Mouche
76%
Donkey Ane
67%
Aucun quiz correspondant
Distribution des résultats
% des personnes avec chaque résultat
Percentile par nombre de réponses
Votre historique - résultats
Vous n’avez pas pris ce quiz